000 01115nam0a2200337 4500
001 RU\NLR\bibl\231820
005 20250619111246.0
010 _a5-300-02884-3
021 _aRU
_b2001-54847
_92665
035 _a(NLR Aleph) 000227771
090 _a1325135
_c1325135
100 _a20020215d2001 |||y0rusy50 ca
101 1 _arus
_ceng
102 _aRU
105 _ay |||||||||
200 1 _aШаг до страсти
_aНаемник
_eроманы
_fЭвелин Энтони
_g[пер. с англ. И. Маненок, В. Артемова]
210 _aМ.
_cТерра-Кн. клуб
_d2001
215 _a429, [2] с.
_d22
675 _a821.111(73)-31Энтони
_v3
_zrus
686 _a17.82
_2rugasnti
686 _a84(7Сое)-44
_2rubbk
686 _aШ6(4Вл)67-440.4
700 1 _4070
_7ca
_8rus
_aЭнтони
_bЭ.
_cписатель
_f1928-2018
_gЭвелин
_9213611
_3RU\NLR\AUTH\770213667
801 0 _aRU
_bRKP
_c20020215
_gPSBO
801 1 _aRU
_bRKP
_c20020215
801 2 _aRU
_bNLR
_c20020313
_grcr
942 _cBOOK
980 _aNB